[Event "World Cup U18 Girls Prel"]
[Site "Tornelo INT"]
[Date "2021.08.01"]
[Round "8"]
[White "Udval, Batkhishig"]
[Black "Zhou, Lulu"]
[Result "1/2-1/2"]
[WhiteElo "1626"]
[BlackElo "2131"]
[PlyCount "119"]
[EventDate "2021.08.01"]
[EventType "swiss (rapid)"]
[EventRounds "10"]
[EventCountry "NET"]
[SourceTitle "EXT 2024"]
[Source "ChessBase"]
[SourceDate "2023.10.10"]
[SourceVersion "1"]
[SourceVersionDate "2023.10.10"]
[SourceQuality "1"]

1. d4 Nf6 2. c4 e6 3. Nc3 Bb4 4. a3 Bxc3+ 5. bxc3 0-0 6. e3 c5 7. Bd3 d5 8. cxd5 exd5 9. Ne2 b6 10. 0-0 Nc6 11. f3 Re8 12. Ng3 h6 13. Qc2 Bd7 14. Nf5 Qc7 15. Bd2 Rac8 16. Ba6 Rcd8 17. Rae1 Bc8 18. Bd3 Qd7 19. Qb1 Qc7 20. Bc1 cxd4 21. cxd4 Na5 22. Rf2 Nc4 23. Rc2 Qd7 24. e4 dxe4 25. fxe4 Nd6 26. Nxd6 Qxd6 27. Bb2 Ng4 28. g3 Bb7 29. Rce2 Ne5 30. dxe5 Qxd3 31. Qxd3 Rxd3 32. Re3 Red8 33. Kf2 Rd2+ 34. R1e2 Rd1 35. e6 fxe6 36. Rc3 Ba6 37. Rec2 Bd3 38. Rc1 Rd2+ 39. Ke3 Re2+ 40. Kf4 Rxb2 41. Rd1 e5+ 42. Kxe5 Rb5+ 43. Kf4 Rf8+ 44. Ke3 Bf1 45. Rc7 Ra5 46. Rdd7 Rxa3+ 47. Kd2 Rf6 48. Rxg7+ Kf8 49. Rh7 Rd6+ 50. Ke1 Ra1+ 51. Kf2 Rf6+ 52. Ke3 Kg8 53. Rhg7+ Kh8 54. Rh7+ Kg8 55. Rhg7+ Kf8 56. Rh7 Ra3+ 57. Kd2 Rd6+ 58. Ke1 Ra1+ 59. Kf2 Rf6+ 60. Ke3 1/2-1/2

[Event "ESP-ch U18"]
[Site "Salobrena"]
[Date "2021.07.26"]
[Round "1"]
[White "Zhou, Lulu"]
[Black "Quintas Fernandez, Marta"]
[Result "1-0"]
[WhiteElo "2131"]
[BlackElo "1702"]
[PlyCount "77"]
[EventDate "2021.07.26"]
[EventType "swiss"]
[EventRounds "9"]
[EventCountry "ESP"]
[SourceTitle "CBM 203 Extra"]
[Source "ChessBase"]
[SourceDate "2021.09.30"]
[SourceVersion "1"]
[SourceVersionDate "2021.09.30"]
[SourceQuality "1"]

1. e4 e5 2. Nf3 Nc6 3. Bb5 a6 4. Ba4 Nf6 5. 0-0 Be7 6. Re1 b5 7. Bb3 d6 8. c3 0-0 9. h3 Na5 10. Bc2 c5 11. d4 cxd4 12. cxd4 Qc7 13. Nbd2 Bd7 14. Nf1 Rfc8 15. Bd3 Nc6 16. Be3 Qd8 17. Ng3 Ne8 18. Qd2 exd4 19. Nxd4 Nxd4 20. Bxd4 Bf6 21. Be3 Bc6 22. Nh5 d5 23. Nxf6+ Nxf6 24. e5 Ne4 25. Qd1 Ng5 26. Qh5 h6 27. h4 Ne6 28. Bxh6 gxh6 29. Qxh6 Nf8 30. Re3 Be8 31. Bh7+ Nxh7 32. Rg3+ Ng5 33. Rxg5+ Qxg5 34. Qxg5+ Kh7 35. Rd1 Bc6 36. Rd3 Rg8 37. Qh5+ Kg7 38. Rg3+ Kf8 39. Qh6+ 1-0

[Event "ESP-ch U16"]
[Site "Salobrena"]
[Date "2021.07.24"]
[Round "9"]
[White "Suarez Gomez, Paula"]
[Black "Zhou, Lulu"]
[Result "0-1"]
[WhiteElo "1664"]
[BlackElo "2131"]
[PlyCount "90"]
[EventDate "2021.07.19"]
[EventType "swiss"]
[EventRounds "9"]
[EventCountry "ESP"]
[SourceTitle "EXT 2022"]
[Source "ChessBase"]
[SourceDate "2021.10.06"]
[SourceVersion "1"]
[SourceVersionDate "2021.10.06"]
[SourceQuality "1"]

1. e4 d6 2. d4 Nf6 3. Nc3 Nbd7 4. h3 e5 5. Nge2 c6 6. a4 Be7 7. g4 exd4 8. Nxd4 d5 9. exd5 Nxd5 10. Nxd5 cxd5 11. Nf5 0-0 12. Bg2 Nf6 13. Qd3 Bb4+ 14. c3 Re8+ 15. Be3 Bxf5 16. Qxf5 Bc5 17. 0-0 Bxe3 18. fxe3 Qb6 19. g5 Qxe3+ 20. Kh1 Ne4 21. Qxf7+ Kh8 22. Rf3 Qxg5 23. Qxb7 h6 24. Rd1 Nf6 25. Rf2 Qe3 26. Rf3 Qg5 27. Rf2 Qh4 28. Kg1 Qxa4 29. Rd4 Qa1+ 30. Rf1 Qa5 31. Qf7 Rf8 32. Qe7 Rae8 33. Qd6 Rd8 34. Qe7 Qb6 35. Qe2 Ne4 36. Rxf8+ Rxf8 37. Bxe4 dxe4 38. Kh1 e3 39. Rd3 Qc6+ 40. Kg1 Qg6+ 41. Kh1 Rf2 42. Rd8+ Kh7 43. Qd3 Qxd3 44. Rxd3 e2 45. Re3 Rf1+ 0-1

[Event "ESP-chT Regional U16"]
[Site "Gijon"]
[Date "2021.06.19"]
[Round "4.3"]
[White "Lorente Serrano, Rosa Adela"]
[Black "Zhou, Lulu"]
[Result "0-1"]
[WhiteElo "2104"]
[BlackElo "2077"]
[PlyCount "114"]
[EventDate "2021.06.17"]
[EventType "team-swiss"]
[EventRounds "6"]
[EventCountry "ESP"]
[SourceTitle "EXT 2022"]
[Source "ChessBase"]
[SourceDate "2021.10.06"]
[SourceVersion "1"]
[SourceVersionDate "2021.10.06"]
[SourceQuality "1"]
[WhiteTeam "Andalucia U16"]
[BlackTeam "Madrid U16"]
[WhiteTeamCountry "ESP"]
[BlackTeamCountry "ESP"]

1. Nf3 c5 2. g3 g6 3. Bg2 Bg7 4. 0-0 Nc6 5. c3 e5 6. e4 Nge7 7. d3 0-0 8. Be3 d6 9. Qd2 Be6 10. Bh6 f6 11. Bxg7 Kxg7 12. d4 Bg4 13. dxc5 dxc5 14. Rd1 f5 15. Qc2 Qe8 16. Nbd2 Qf7 17. Re1 f4 18. h3 Bc8 19. Kh2 h6 20. b3 Be6 21. Rad1 Rad8 22. g4 g5 23. Bf1 Kf6 24. Bc4 h5 25. Bxe6 Qxe6 26. Rg1 Rh8 27. gxh5 Rxh5 28. h4 g4 29. Ne1 f3 30. Nexf3 gxf3 31. Nxf3 Rdh8 32. Rd3 Ng6 33. Qd2 Nf4 34. Rg3 Nxd3 35. Qxd3 Rg8 36. Qe2 Rxg3 37. fxg3 Kg6 38. Ng5 Qf6 39. Nh3 Rh8 40. Kg2 Kf7 41. Qc4+ Ke7 42. Qxc5+ Kd7 43. Ng5 Rf8 44. Qc4 Qf2+ 45. Kh3 Qf1+ 46. Qxf1 Rxf1 47. Kg4 Ke7 48. Kh5 Nd8 49. g4 Kf6 50. Kh6 Nf7+ 51. Nxf7 Kxf7 52. g5 Rf4 53. h5 Kg8 54. Kg6 Rxe4 55. Kf5 Re1 56. h6 e4 57. g6 e3 0-1

[Event "Madrid-ch U16"]
[Site "Madrid"]
[Date "2021.04.24"]
[Round "4"]
[White "Zhou, Lulu"]
[Black "Reyes Penas, Sebastian"]
[Result "0-1"]
[WhiteElo "2042"]
[BlackElo "2211"]
[PlyCount "120"]
[EventDate "2021.04.17"]
[EventType "swiss"]
[EventRounds "5"]
[EventCountry "ESP"]
[SourceTitle "EXT 2023"]
[Source "ChessBase"]
[SourceDate "2022.10.05"]
[SourceVersion "1"]
[SourceVersionDate "2022.10.05"]
[SourceQuality "1"]

1. e4 c5 2. Nf3 e6 3. d4 cxd4 4. Nxd4 a6 5. Bd3 Bc5 6. Nb3 Be7 7. 0-0 d6 8. f4 Nd7 9. Qe2 Qc7 10. Kh1 Ngf6 11. Bd2 0-0 12. Nc3 b5 13. Rae1 b4 14. Nd1 a5 15. e5 Nd5 16. c4 bxc3 17. Nxc3 Bb7 18. Nb5 Qb6 19. Nxd6 Bxd6 20. exd6 a4 21. Na1 Qxd6 22. Nc2 Nc5 23. Bc4 Rac8 24. Rd1 Qb6 25. Bc1 f5 26. Ne3 Ne4 27. Nxd5 exd5 28. Bd3 d4 29. Bc4+ Kh8 30. Qd3 Qc6 31. b3 Rf6 32. Rf3 axb3 33. axb3 Rd8 34. Be3 Nc5 35. Qd2 Rg6 36. Rdf1 Qf6 37. Bg1 Bxf3 38. Rxf3 Ne4 39. Qd3 Qh4 40. g3 Qh5 41. Kg2 Rgd6 42. Bf2 Qe8 43. Bg1 Qc6 44. h4 Qb7 45. Kh3 Qb4 46. Qd1 Nd2 47. Rd3 Nxc4 48. bxc4 Qxc4 49. Qd2 Qd5 50. Kh2 Qe4 51. Bf2 Qc6 52. Qb2 Qc4 53. Qd2 h6 54. Qd1 Kh7 55. Qd2 Ra8 56. Rxd4 Rxd4 57. Qxd4 Qxd4 58. Bxd4 Ra2+ 59. Kh3 h5 60. Be5 g6 0-1

[Event "Madrid-chT 2021"]
[Site "Madrid"]
[Date "2021.03.27"]
[Round "6.6"]
[White "Zhou, Lulu"]
[Black "Estevez Sacristan, Deva"]
[Result "1-0"]
[WhiteElo "2087"]
[BlackElo "1932"]
[PlyCount "67"]
[EventDate "2021.01.23"]
[EventType "team-tourn"]
[EventRounds "14"]
[EventCountry "ESP"]
[SourceTitle "EXT 2022"]
[Source "ChessBase"]
[SourceDate "2021.10.06"]
[SourceVersion "1"]
[SourceVersionDate "2021.10.06"]
[SourceQuality "1"]
[WhiteTeam "Collado Villalba"]
[BlackTeam "Villalba 64"]
[WhiteTeamCountry "ESP"]
[BlackTeamCountry "ESP"]

1. e4 c5 2. Nf3 g6 3. d4 cxd4 4. Nxd4 Nc6 5. c4 Bg7 6. Be3 d6 7. Nc3 Nf6 8. Be2 0-0 9. 0-0 Bd7 10. f3 Nxd4 11. Bxd4 a5 12. Qd2 Bc6 13. b3 Nd7 14. Bf2 Nc5 15. Rab1 Qc7 16. Bd1 Rfd8 17. a3 Rac8 18. b4 axb4 19. axb4 Ne6 20. Bb3 h5 21. Rfc1 Bxc3 22. Rxc3 Kh7 23. Rbc1 Ra8 24. Qe3 Ra3 25. f4 Ba4 26. Bxa4 Rxa4 27. f5 Nf8 28. Qg5 Rda8 29. Rf3 Ra1 30. fxg6+ fxg6 31. Be3 Rxc1+ 32. Bxc1 Qxc4 33. Qxe7+ Kg8 34. Bb2 1-0

[Event "Madrid-chT 2021"]
[Site "Madrid"]
[Date "2021.03.21"]
[Round "5.6"]
[White "Bento Iglesias, Pablo"]
[Black "Zhou, Lulu"]
[Result "1-0"]
[WhiteElo "1960"]
[BlackElo "2087"]
[PlyCount "131"]
[EventDate "2021.01.23"]
[EventType "team-tourn"]
[EventRounds "14"]
[EventCountry "ESP"]
[SourceTitle "EXT 2022"]
[Source "ChessBase"]
[SourceDate "2021.10.06"]
[SourceVersion "1"]
[SourceVersionDate "2021.10.06"]
[SourceQuality "1"]
[WhiteTeam "Blanco y Negro"]
[BlackTeam "Collado Villalba"]
[WhiteTeamCountry "ESP"]
[BlackTeamCountry "ESP"]

1. d4 Nf6 2. c4 e6 3. Nf3 b6 4. g3 Ba6 5. Qa4 Bb7 6. Bg2 Be7 7. 0-0 0-0 8. Nc3 d5 9. Ne5 c6 10. Rd1 Nfd7 11. Nxd7 Nxd7 12. e4 Nf6 13. b3 Qc8 14. Ba3 Re8 15. Bxe7 Rxe7 16. e5 Ne8 17. c5 Ba6 18. Qa3 Rc7 19. Rac1 Rb8 20. Bh3 g6 21. Rc2 Ng7 22. cxb6 axb6 23. Nxd5 cxd5 24. Rxc7 Qxc7 25. Qxa6 Qc2 26. Bg4 h5 27. Bf3 Nf5 28. Qe2 Rc8 29. Qd2 Qc6 30. h3 Qc7 31. g4 Nh4 32. Be2 hxg4 33. hxg4 Qd8 34. f4 Kg7 35. Kf2 f6 36. Rh1 g5 37. Bd3 fxe5 38. dxe5 Qe7 39. f5 Rf8 40. f6+ Rxf6+ 41. exf6+ Qxf6+ 42. Kg3 Qf3+ 43. Kh2 Qxg4 44. Rf1 Nf3+ 45. Rxf3 Qxf3 46. Qxg5+ Kf7 47. Bg6+ Kf8 48. Qh6+ Ke7 49. Qh4+ Kd7 50. Qg3 Qe2+ 51. Qg2 Qe5+ 52. Kh3 Qe3+ 53. Kh4 Qh6+ 54. Bh5 Qf4+ 55. Bg4 Qh6+ 56. Bh5 Qf4+ 57. Kh3 Qf5+ 58. Bg4 Qe5 59. Qe2 Qxe2 60. Bxe2 Kd6 61. b4 e5 62. Kg4 d4 63. Bc4 b5 64. Bxb5 Kd5 65. Kf3 e4+ 66. Ke2 1-0